[Event "Sitges op 29th"]
[Site "Sitges"]
[Date "2003.07.18"]
[Round "1"]
[White "Kuijf, Marinus"]
[Black "Benitez, Joaquin"]
[Result "1-0"]
[WhiteElo "2431"]
[BlackElo "2135"]
[PlyCount "45"]
[EventDate "2003.07.18"]
[EventType "swiss"]
[EventRounds "9"]
[EventCountry "ESP"]
[SourceTitle "CBM 095 Extra"]
[Source "ChessBase"]
[SourceDate "2003.09.04"]
[SourceVersion "1"]
[SourceVersionDate "2003.09.04"]
[SourceQuality "1"]

1. e4 e5 2. Nc3 Bb4 3. Bc4 Nf6 4. d3 h6 5. Nge2 d5 6. exd5 Nxd5 7. 0-0 Nxc3 8. Nxc3 0-0 9. Qh5 Bxc3 10. bxc3 Qf6 11. f4 e4 12. Ba3 Re8 13. dxe4 Rxe4 14. Bd5 Re3 15. Rae1 Qb6 16. Bxf7+ Kh8 17. Bc5 Rxe1 18. Rxe1 Bg4 19. Re8+ Kh7 20. Bg8+ Kh8 21. Bc4+ Kh7 22. Rh8+ Kxh8 23. Qe8+ 1-0